Effect of Zinc, Boron and Growth Regulators on Flowering, Fruiting and Maturity of Litchi (Litchi chinensis sonn,) / (Record no. 50267)
[ view plain ]
| 000 -LEADER | |
|---|---|
| fixed length control field | 00594nam a22001937a 4500 |
| 003 - CONTROL NUMBER IDENTIFIER | |
| control field | OSt |
| 008 - FIXED-LENGTH DATA ELEMENTS--GENERAL INFORMATION | |
| fixed length control field | 260429b |||||||| |||| 00| 0 eng d |
| 082 ## - DEWEY DECIMAL CLASSIFICATION NUMBER | |
| Classification number | 634.6 |
| Item number | A23E |
| 100 ## - MAIN ENTRY--PERSONAL NAME | |
| Personal name | Aftab, Mohammad Ahmar. |
| 245 ## - TITLE STATEMENT | |
| Title | Effect of Zinc, Boron and Growth Regulators on Flowering, Fruiting and Maturity of Litchi (Litchi chinensis sonn,) / |
| Statement of responsibility, etc. | by Mohammad Ahmar Aftab |
| 260 ## - PUBLICATION, DISTRIBUTION, ETC. (IMPRINT) | |
| Place of publication, distribution, etc | Sabour, Bhagalpur |
| Name of publisher, distributor, etc | Bihar Agricultural College, RAU |
| Date of publication, distribution, etc | 1994 |
| 300 ## - PHYSICAL DESCRIPTION | |
| Extent | 133p. |
| 502 ## - DISSERTATION NOTE | |
| Degree type | Ph. D. |
| Year degree granted | 1994 |
| 650 ## - SUBJECT ADDED ENTRY--TOPICAL TERM | |
| Topical term or geographic name as entry element | Horticulture |
| 650 ## - SUBJECT ADDED ENTRY--TOPICAL TERM | |
| Topical term or geographic name as entry element | Litchi |
| 650 ## - SUBJECT ADDED ENTRY--TOPICAL TERM | |
| Topical term or geographic name as entry element | Thesis |
| 650 ## - SUBJECT ADDED ENTRY--TOPICAL TERM | |
| Topical term or geographic name as entry element | Ph.D. |
| 942 ## - ADDED ENTRY ELEMENTS (KOHA) | |
| Source of classification or shelving scheme | |
| Koha item type | Thesis |
| Withdrawn status | Lost status | Source of classification or shelving scheme | Damaged status | Not for loan | Home library | Current library | Date acquired | Source of acquisition | Total Checkouts | Full call number | Barcode | Date last seen | Bill Date | Koha item type | Bill Number |
|---|---|---|---|---|---|---|---|---|---|---|---|---|---|---|---|
| Dr. Rajendra Prasad Central Agricultural University Pusa, | Dr. Rajendra Prasad Central Agricultural University Pusa, | 29/04/2026 | by Author | 634.6 A23E | 45229-UL | 29/04/2026 | 29/04/2026 | Thesis | Gift |